000 00651cam a22002054a 4500
001 13601588
005 20251105102842.0
008 040521s2005 njua 001 0 eng
020 _a0131190237
020 _a9780131190238
050 0 0 _aT385
_b.K48945 2005
082 0 0 _a620/.0042/0285536
_222
100 1 _aKirkpatrick, James M.
245 1 4 _aThe AutoCAD book :
_bdrawing, modeling, and applications using AutoCAD 2005 /
_cJames M. Kirkpatrick.
260 _aUpper Saddle River, NJ :
_bPearson/Prentice Hall,
_c2005.
300 _axi, 772 p. :
_bill. ;
_c28 cm.
500 _aIncludes index.
650 0 _aComputer graphics.
942 _2lcc
_cBK
_n0
999 _c8045
_d8045